| 000 | 00684nam a22001817a 4500 | ||
|---|---|---|---|
| 005 | 20251108164257.0 | ||
| 008 | 250721s1994 xx 000 0 ara d | ||
| 082 | 1 | 4 | _a796/محم |
| 100 | 1 | _aالكرداني، محمد فتحي | |
| 245 | 1 | 0 | _aأسلوب النظم في التربية البدنيه و الرياضه بين النظرية و التطبيق / |
| 264 | 1 |
_aالقاهره : _bدار الفكر العربي، _c1994. |
|
| 300 | _a39ص | ||
| 490 | 0 | _aالفكر العربي في التربيه البدنيه و الرياضيه ؛ 4 | |
| 650 | 1 | 7 | _aالتربية الرياضية |
| 650 | 1 | 7 | _aالتربية البدنية |
| 942 |
_2ddc _cBK |
||
| 999 |
_c8150 _d8150 |
||